000 00421nam a2200169Ia 4500
003 mut
005 20240606080839.0
008 150730s9999 xx 000 0 und d
020 _a0582093805
040 _cmut
050 _aTA 357
_b.D68 1986
100 _aDouglas, J. F.
245 _aSolving problems In fluid mechanics
260 _aEssex, England
_bLongman
_c1986
650 _aFluid mechanics.
942 _2lcc
_cBK
999 _c1625
_d1625